Statistiques concernant Sorties Boulevard Periphérique, Autoroutes et Contournements de Lyon

Cliquez ici pour prendre le quiz!

Statistiques générales

  • Ce quiz a été pris 28 fois
  • Le résultat moyen est 28 sur 96

Statistiques - réponses

Nom de la SortieRéponse% Correct
Sortie n°6Vénissieux - Saint-Priest
78%
Sortie n°1Bron-Parilly
74%
Sortie n°2Bron-Rebufer
74%
Echangeur M6-M7Centre d'Echanges de Perrache
74%
Sortie n°4Parc Technologique - Bron-Aviation
74%
Sortie n°14Vénissieux - Corbas
74%
Sortie n°35Ecully
70%
Sortie n°0Lyon-Centre
70%
Sortie n°39cLyon-La Part-Dieu
70%
Sortie n°39bLyon-Presqu'Ile
70%
Sortie n°38Lyon-Saint-Just
70%
Sortie n°2La Mulatière - Oullins-Centre
65%
Sortie n°11Saint-Priest
65%
Sortie n°10Saint-Priest - Saint-Bonnet-de-Mure
65%
Sortie n°1aVilleurbanne
65%
Sortie n°3Oullins-La Saulaie
57%
Sortie n°7Parc Olympique Lyonnais
57%
Sortie n°1bVaulx-en-Velin
57%
Sortie n°5Vaulx-en-Velin
52%
Sortie n°6aCharly - Saint-Genis-Laval-Centre
48%
Sortie n°33Limonest
48%
Sortie n°33.2Limonest-La Garde
48%
Sortie n°33.1Limonest-Le Bourg
48%
Sortie n°6Meyzieu - Décines-Charpieu
48%
Porte n°6aPorte de la Doua
48%
Porte n°13Porte de Parilly
48%
Sortie n°37Tassin-la-Demi-Lune
48%
Sortie n°6bVourles - Saint-Genis-Laval-Les Barolles
48%
Sortie n°5Aéroport de Lyon-Saint-Exupéry
43%
Sortie n°34Dardilly
43%
Sortie n°1Gerland - La Confluence
43%
Sortie n°4Miribel
43%
Porte n°16Porte de Gerland
43%
Porte n°14Porte des Etats-Unis
43%
Porte n°2Porte du Vaise
43%
Sortie n°7Chaponost - Brignais
39%
Sortie n°8Genas - Chassieu
39%
Sortie n°4Pierre-Bénite
39%
Porte n°8Porte de Cusset
39%
Porte n°5Porte de la Pape
39%
Sortie n°5Saint-Fons
39%
Sortie n°13Mions
30%
Porte n°10Porte de Montchat
30%
Porte n°15Porte du Moulin à Vent
30%
Porte n°11Porte du Vinatier
30%
Sortie n°5Beynost
26%
Porte n°9Porte de la Soie
26%
Sortie n°36Porte du Valvert
26%
Porte n°1Porte du Valvert
26%
Sortie n°7.1Pusignan - Pont-de-Chéruy
26%
Sortie n°7Solaize
26%
Sortie n°32Anse
22%
Echangeur A7-A46-A47Echangeur de Chasse-sur-Rhône
22%
Echangeur A7-A46-A47Echangeur de Chasse-sur-Rhône
22%
Sortie n°5Irigny
22%
Sortie n°3Pusignan
22%
Sortie n°16Communay
17%
Sortie n°2Genay
17%
Sortie n°3Les Echets
17%
Porte n°4Porte de Saint-Clair
17%
Sortie n°39aQuais de Saône
17%
Sortie n°15Saint-Symphorien-d'Ozon
17%
Sortie n°3Eurexpo
13%
Sortie n°9Eurexpo
13%
Porte n°3Porte de Rochecardon
13%
Porte n°12Porte des Essarts
13%
Sortie n°1Quincieux
13%
Sortie n°4Saint-Laurent-de-Mure
13%
Sortie n°12Heyrieux
9%
Sortie n°2.1Mionnay
9%
Sortie n°1.1Le Part-Dieu - Rive Gauche
4%
Porte n°6Porte de Croix-Luiset
4%
Echangeur A7-M7-A450Pas de nom
0%
Echangeur A46-A466Pas de nom
0%
Echangeur A46-A42Pas de nom
0%
Echangeur A42-A432Pas de nom
0%
Echangeur A42-A432Pas de nom
0%
Echangeur A6-A466Pas de nom
0%
Echangeur A43-A432Pas de nom
0%
Echangeur A7-M7-A450Pas de nom
0%
Echangeur A6-A89Pas de nom
0%
Echangeur A46-A466Pas de nom
0%
Echangeur A43-A432Pas de nom
0%
Echangeur A46-A42Pas de nom
0%
Echangeur A6-A46Pas de nom
0%
Echangeur A6-A46Pas de nom
0%
Echangeur A46-A432Pas de nom
0%
Echangeur A46-A466Pas de nom
0%
Echangeur A7-M7-A450Pas de nom
0%
Echangeur A43-A46-N346Pas de nom
0%
Echangeur A43-A46-N346Pas de nom
0%
Echangeur A46-A42-N346Pas de nom
0%
Echangeur A46-A42-N346Pas de nom
0%
Echangeur A6-A466Pas de nom
0%
Sortie n°4Sathonay
0%
Sortie n°17Z.A. des Platières
0%

Distribution des résultats

Percentile par nombre de réponses

% des personnes avec chaque résultat

Votre développement - résultats

Vous n’avez pas pris ce quiz